Responses for Show #3150 - Friday, April 17, 1998

Includes winners of the Play & Win! contest.

Contestants

[<< previous game]

Kathy Hennington, a banking vice president from Decatur, Georgia

Greg Sorenson, a document control manager from Evanston, Illinois

Don Wright, a Ph.D. candidate from New Orleans, Louisiana (whose 2-day cash winnings total $25,300)

[next game >>]

Jeopardy! Round responses

THE EAST COAST
BRIT LIT
BETTER KNOWN AS...
SKIN DEEP
KNOW BEANS
ABOUT "___IT___"
(Alex: All of the responses will be 4-letter words in which "it" comes right in the middle.)
    $100 1
"Spirit of 1776"

Kathy
    $100 4
Mary Shelley

Kathy
    $100 11
Winona Ryder

Greg
    $100 16
Crow's feet

Don
    $100 21
Black beans

Don
    $100 26
City

Kathy
    $200 2
Delaware

Don
    $200 5
Joseph Conrad

Greg
    $200 12
Michael Keaton

Greg
    $200 17
Poison Ivy

Kathy
    $200 22
Soybean

Greg
    $200 27
Mitt

Greg
    $300 3
Portland

Greg
    $300 6
Rudyard Kipling

Don
    $300 13
Judy Garland

Don
    $300 18
Cuticles

Kathy
    $300 23
Navy beans

Don
    $300 28
Wits

Greg
    $500 9
New Jersey

Don
    $400 7
H.G. Wells

Kathy
    $400 14
Rock Hudson

Don
    $400 19
Salve

Triple Stumper
    $400 24
Strings

Don
    $400 29
Ziti

Don
    $500 10
Peekskill

Kathy
    $500 8
Jane Austen

Don
    $500 15
(G: Who were Abbott & Costello?)

Dean Martin & Jerry Lewis

Greg
Triple Stumper
    $500 20
(G: What are follicles?)

Sebaceous glands

Greg
Triple Stumper
    $500 25
(K: What are lima beans?)
(we have about a minute left...)

Fava bean

Kathy
Triple Stumper
    $500 30
Fits

Kathy

Scores at the first commercial break (after clue 15):

Don Greg Kathy
$2,200 $300 $1,100

Scores at the end of the Jeopardy! Round:

Don Greg Kathy
$3,500 $500 $1,700

Double Jeopardy! Round responses

500 YEARS AGO
MAGNETS
CLASSIC FOREIGN FILMS
FLAG-WAVING
SYMPHONIES
TOM SWIFTIES
(Alex: An example of these would be, "I'm drilling for oil", said Tom, crudely.)
    $200 17
France

Kathy
    $200 26
Refrigerator

Kathy
    $200 1
War and Peace

Greg
    $200 6
Islam

Don
    $200 11
Tchaikovsky

Greg
    $200 12
Ironically

Greg
    $400 18
"Pieta"

Don
    $400 27
Compass

Don
    $400 2
The Umbrellas of Cherbourg

Greg
    $400 7
Eagle

Greg
    $400 22
Silly Symphonies

Greg
    $400 13
Cryptically

Greg
    $600 19
Trinidad

Don
    $600 30
MRI (Magnetic Resonance Imaging)

Greg
    $800 3
Federico Fellini

Greg
    $600 8
Southern Cross

Kathy
    $600 23
1,000

Kathy
    $600 14
Carefully

Kathy
    $800 20
Vasco da Gama

Kathy
    $800 28
Magnetic levitation

Don
    $800 4
Akira Kurosawa

Kathy
    $800 9
(D: What is Thailand?)

Cambodia

DonGreg
    $800 24
(Don: What is "Water Symphony"?)
(Kathy: What is timpani?)
...
(Alex: We have a minute to go.)

a drumroll

DonKathy
Triple Stumper
    $800 15
Periodically

Greg
    $1,000 21
Tomas de Torquemada

Kathy
    $1000 29
(G: What is ferrous?)

Ferromagnetic

GregKathy
    $1000 5
the Netherlands/Holland

Greg
    $1000 10
Quebec

Don
    $1000 25
"Jupiter"

Don
    $1000 16
(G: What is gravely?)
(K: What is roughly?)

Huskily

GregKathy
Triple Stumper

Scores at the end of the Double Jeopardy! Round:

Don Greg Kathy
$6,300 $4,700 $5,700

[wagering suggestions for these scores]

Final Jeopardy! Round responses

VOLCANOES
GregWhat are the Rockies?
$4,690
KathyWhat are the Andes?
$4,000
DonWhat are the Himalayas
$5,800
Andes

Final scores:

Don Greg Kathy
$500 $10 $9,700
2nd place: Trip to Colony Beach & Tennis Resort, Longboat Key, Florida 3rd place: VTech 900mhz Cordless Telephone New champion: $9,700

Game dynamics:

Coryat scores:

Don Greg Kathy
$6,200 $4,500 $5,700
18 R
(including 1 DD),
2 W
19 R
(including 1 DD),
4 W
17 R
(including 1 DD),
3 W

Combined Coryat: $16,400

[game clues] [game scores] [suggest correction]

Game tape date: Unknown
The J! Archive is created by fans, for fans. Scraping, republication, monetization, and malicious use prohibited; this site may use cookies and collect identifying information. See terms. The Jeopardy! game show and all elements thereof, including but not limited to copyright and trademark thereto, are the property of Jeopardy Productions, Inc. and are protected under law. This website is not affiliated with, sponsored by, or operated by Jeopardy Productions, Inc. Join the discussion at JBoard.tv.